Score 0/20 Timer 04:00
4 Plays Today
Hint Answer % Correct
Hannah Baker
97.8%
Clay Jensen
95.5%
Jessica Davis
90.9%
Justin Foley
87.1%
Tony Padilla
86.9%
Bryce Walker
85.1%
Alex Standall
85.1%
Zach Dempsey
72.8%
Tyler Down
72.2%
Courtney Crimsen
70.5%
Hint Answer % Correct
Mrs. Baker
70.2%
Marcus Cole
70%
Mr. Baker
68.9%
Jeff Atkins
63%
Mrs. Jensen
62.6%
Mr. Jensen
60.4%
Mr. Porter
60%
Sheri Holland
58.8%
Ryan Shaver
56.7%
Montgomery De La Cruz
52.1%
Remove Ads.
Support Sporcle.
Get the best of Sporcle when you Go Orange. This ad-free experience offers more features, more stats, and more fun while also helping to support Sporcle. Thank you for becoming a member.

You're not logged in!

Compare scores with friends on all Sporcle quizzes.
OR
Log In

Show Comments

Extras

Top Quizzes Today


Score Distribution

Your Account Isn't Verified!

In order to create a playlist on Sporcle, you need to verify the email address you used during registration. Go to your Sporcle Settings to finish the process.

Report this User

Report this user for behavior that violates our Community Guidelines.

Details: